| Tag |
First Indicator |
Second Indicator |
Subfields |
| LEADER |
00000cas a2200000 a 4500 |
| 001 |
in00000079616 |
| 005 |
20151008052914.0 |
| 008 |
750727d19492006aluar 1 a0eng d |
| 010 |
|
|
|a sn 83007199
|
| 022 |
0 |
|
|a 0066-1198
|2 1
|
| 029 |
1 |
|
|a NZ1
|b 3083601
|
| 030 |
|
|
|a PAWPAG
|
| 035 |
|
|
|a (OCoLC)07790813
|
| 040 |
|
|
|a VPI
|c VPI
|d OCL
|d NSD
|d SER
|d AIP
|d DLC
|d AGL
|d OCL
|d NSD
|d DLC
|d OCLCQ
|d WAU
|d UtOrBLW
|
| 042 |
|
|
|a nsdp
|a lc
|
| 049 |
|
|
|a TXAM
|
| 050 |
0 |
0 |
|a TA424
|b .A5
|
| 070 |
0 |
|
|a 300.9
|b Am3
|
| 072 |
|
0 |
|a K510
|
| 082 |
0 |
|
|a 674/.386/05
|2 19
|
| 110 |
2 |
|
|a American Wood-Preservers' Association.
|b Meeting.
|
| 210 |
0 |
|
|a Proc., annu. meet. Am. Wood-Preservers' Assoc.
|
| 222 |
|
0 |
|a Proceedings, annual meeting of the American Wood-Preservers' Association
|
| 245 |
1 |
0 |
|a Proceedings /
|c Annual Meeting of the American Wood-Preservers' Association.
|
| 246 |
1 |
8 |
|a American Wood-Preservers' Association proceedings
|f <2005->
|
| 264 |
|
1 |
|a Washington, D.C. :
|b American Wood-Preservers' Association,
|c ©1949-©2006.
|
| 300 |
|
|
|a 58 volumes :
|b illustrations ;
|c 28 cm.
|
| 310 |
|
|
|a Annual
|
| 336 |
|
|
|a text
|b txt
|2 rdacontent
|
| 337 |
|
|
|a unmediated
|b n
|2 rdamedia
|
| 338 |
|
|
|a volume
|b nc
|2 rdacarrier
|
| 362 |
0 |
|
|a 45th (1949)-102nd (2006) = v. 45-v. 102.
|
| 500 |
|
|
|a Latest issue consulted: 102nd (April 9-11, 2006) = volume 102.
|
| 500 |
|
|
|a Published: Birmingham, Ala., <2005>-2006.
|
| 510 |
2 |
|
|a Chemical abstracts
|x 0009-2258
|
| 610 |
2 |
0 |
|a American Wood-Preservers' Association
|v Congresses.
|
| 650 |
|
0 |
|a Wood
|x Preservation
|v Congresses.
|
| 780 |
0 |
0 |
|a American Wood-Preservers' Association. Meeting.
|t Proceedings of the ... annual meeting of the American Wood Preservers' Association
|x 0066-1198
|w (DLC) 14014455
|w (OCoLC)7745500
|
| 785 |
0 |
0 |
|a American Wood Protection Association.
|t Proceedings, ... annual meeting of the American Wood Protection Association
|w (DLC) 2008227555
|w (OCoLC)213836358
|
| 850 |
|
|
|a DLC
|a DNAL
|
| 994 |
|
|
|a C0
|b TXA
|
| 949 |
|
|
|a updated
|b h
|c 2008/3/19
|e coplinger
|f 2:12:31 pm
|
| 999 |
|
|
|a MARS
|
| 999 |
f |
f |
|s 03f48318-6a77-3540-aac6-93972bedb083
|i c1c5f13d-52e5-318c-939a-c71d9616a8a9
|t 0
|
| 952 |
f |
f |
|p normal
|a Texas A&M University
|b College Station
|c Sterling C. Evans Library
|d Evans: Library Stacks
|t 0
|e TA424 .A5
|h Library of Congress classification
|i unmediated -- volume
|k 87th
|l 1991
|m A14816563940
|
| 952 |
f |
f |
|p normal
|a Texas A&M University
|b College Station
|c Sterling C. Evans Library
|d Evans: Library Stacks
|t 0
|e TA424 .A5
|h Library of Congress classification
|i unmediated -- volume
|k 60th
|l 1964
|m A14816658834
|
| 952 |
f |
f |
|p normal
|a Texas A&M University
|b College Station
|c Sterling C. Evans Library
|d Evans: Library Stacks
|t 0
|e TA424 .A5
|h Library of Congress classification
|i unmediated -- volume
|k 91st
|l 1995
|m A14820337296
|
| 952 |
f |
f |
|p normal
|a Texas A&M University
|b College Station
|c Sterling C. Evans Library
|d Evans: Library Stacks
|t 0
|e TA424 .A5
|h Library of Congress classification
|i unmediated -- volume
|k 84th
|l 1988
|m A14811288309
|
| 952 |
f |
f |
|p normal
|a Texas A&M University
|b College Station
|c Sterling C. Evans Library
|d Evans: Library Stacks
|t 0
|e TA424 .A5
|h Library of Congress classification
|i unmediated -- volume
|k 55th
|l 1959
|m A14816658630
|
| 952 |
f |
f |
|p normal
|a Texas A&M University
|b College Station
|c Sterling C. Evans Library
|d Evans: Library Stacks
|t 0
|e TA424 .A5
|h Library of Congress classification
|i unmediated -- volume
|k 95th
|l 1999
|m A14826053230
|
| 952 |
f |
f |
|p normal
|a Texas A&M University
|b College Station
|c Sterling C. Evans Library
|d Evans: Library Stacks
|t 0
|e TA424 .A5
|h Library of Congress classification
|i unmediated -- volume
|k 97th
|l 2001
|m A14828619668
|
| 952 |
f |
f |
|p normal
|a Texas A&M University
|b College Station
|c Sterling C. Evans Library
|d Evans: Library Stacks
|t 0
|e TA424 .A5
|h Library of Congress classification
|i unmediated -- volume
|k 62nd
|l 1966
|m A14816658931
|
| 952 |
f |
f |
|p normal
|a Texas A&M University
|b College Station
|c Sterling C. Evans Library
|d Evans: Library Stacks
|t 0
|e TA424 .A5
|h Library of Congress classification
|i unmediated -- volume
|k 46th
|l 1950
|m A14807934621
|
| 952 |
f |
f |
|p normal
|a Texas A&M University
|b College Station
|c Sterling C. Evans Library
|d Evans: Library Stacks
|t 0
|e TA424 .A5
|h Library of Congress classification
|i unmediated -- volume
|k 75th
|l 1979
|m A14807930871
|
| 952 |
f |
f |
|p normal
|a Texas A&M University
|b College Station
|c Sterling C. Evans Library
|d Evans: Library Stacks
|t 0
|e TA424 .A5
|h Library of Congress classification
|i unmediated -- volume
|k 76th
|l 1980
|m A14807930936
|
| 952 |
f |
f |
|p normal
|a Texas A&M University
|b College Station
|c Sterling C. Evans Library
|d Evans: Library Stacks
|t 0
|e TA424 .A5
|h Library of Congress classification
|i unmediated -- volume
|k 98th
|l 2002
|m A14829878176
|
| 952 |
f |
f |
|p normal
|a Texas A&M University
|b College Station
|c Sterling C. Evans Library
|d Evans: Library Stacks
|t 0
|e TA424 .A5
|h Library of Congress classification
|i unmediated -- volume
|k 82nd
|l 1986
|m A14811317069
|
| 952 |
f |
f |
|p normal
|a Texas A&M University
|b College Station
|c Sterling C. Evans Library
|d Evans: Library Stacks
|t 0
|e TA424 .A5
|h Library of Congress classification
|i unmediated -- volume
|k 65th
|l 1969
|m A14816658070
|
| 952 |
f |
f |
|p normal
|a Texas A&M University
|b College Station
|c Sterling C. Evans Library
|d Evans: Library Stacks
|t 0
|e TA424 .A5
|h Library of Congress classification
|i unmediated -- volume
|k 86th
|l 1990
|m A14814710258
|
| 952 |
f |
f |
|p normal
|a Texas A&M University
|b College Station
|c Sterling C. Evans Library
|d Evans: Library Stacks
|t 0
|e TA424 .A5
|h Library of Congress classification
|i unmediated -- volume
|k 63rd
|l 1967
|m A14816658981
|
| 952 |
f |
f |
|p normal
|a Texas A&M University
|b College Station
|c Sterling C. Evans Library
|d Evans: Library Stacks
|t 0
|e TA424 .A5
|h Library of Congress classification
|i unmediated -- volume
|k 66th
|l 1970
|m A14816658127
|
| 952 |
f |
f |
|p normal
|a Texas A&M University
|b College Station
|c Sterling C. Evans Library
|d Evans: Library Stacks
|t 0
|e TA424 .A5
|h Library of Congress classification
|i unmediated -- volume
|k 48th
|l 1952
|m A14816658282
|
| 952 |
f |
f |
|p normal
|a Texas A&M University
|b College Station
|c Sterling C. Evans Library
|d Evans: Library Stacks
|t 0
|e TA424 .A5
|h Library of Congress classification
|i unmediated -- volume
|k 70th
|l 1974
|m A14816658321
|
| 952 |
f |
f |
|p normal
|a Texas A&M University
|b College Station
|c Sterling C. Evans Library
|d Evans: Library Stacks
|t 0
|e TA424 .A5
|h Library of Congress classification
|i unmediated -- volume
|k v.73 c.2
|l 1977
|m A14816658525
|
| 952 |
f |
f |
|p normal
|a Texas A&M University
|b College Station
|c Sterling C. Evans Library
|d Evans: Library Stacks
|t 0
|e TA424 .A5
|h Library of Congress classification
|i unmediated -- volume
|k 101st
|l 2005
|m A14833972291
|
| 952 |
f |
f |
|p normal
|a Texas A&M University
|b College Station
|c Sterling C. Evans Library
|d Evans: Library Stacks
|t 0
|e TA424 .A5
|h Library of Congress classification
|i unmediated -- volume
|k 73rd
|l 1977
|m A14816658478
|
| 952 |
f |
f |
|p normal
|a Texas A&M University
|b College Station
|c Sterling C. Evans Library
|d Evans: Library Stacks
|t 0
|e TA424 .A5
|h Library of Congress classification
|i unmediated -- volume
|k 59th
|l 1963
|m A14816658787
|
| 952 |
f |
f |
|p normal
|a Texas A&M University
|b College Station
|c Sterling C. Evans Library
|d Evans: Library Stacks
|t 0
|e TA424 .A5
|h Library of Congress classification
|i unmediated -- volume
|k 52nd
|l 1956
|m A14816658486
|
| 952 |
f |
f |
|p normal
|a Texas A&M University
|b College Station
|c Sterling C. Evans Library
|d Evans: Library Stacks
|t 0
|e TA424 .A5
|h Library of Congress classification
|i unmediated -- volume
|k 102nd
|l 2006
|m A14834003150
|
| 952 |
f |
f |
|p normal
|a Texas A&M University
|b College Station
|c Sterling C. Evans Library
|d Evans: Library Stacks
|t 0
|e TA424 .A5
|h Library of Congress classification
|i unmediated -- volume
|k 93rd
|l 1997
|m A14822190137
|
| 952 |
f |
f |
|p normal
|a Texas A&M University
|b College Station
|c Sterling C. Evans Library
|d Evans: Library Stacks
|t 0
|e TA424 .A5
|h Library of Congress classification
|i unmediated -- volume
|k 89th
|l 1993
|m A14818515202
|
| 952 |
f |
f |
|p normal
|a Texas A&M University
|b College Station
|c Sterling C. Evans Library
|d Evans: Library Stacks
|t 0
|e TA424 .A5
|h Library of Congress classification
|i unmediated -- volume
|k 54th
|l 1958
|m A14816658583
|
| 952 |
f |
f |
|p normal
|a Texas A&M University
|b College Station
|c Sterling C. Evans Library
|d Evans: Library Stacks
|t 0
|e TA424 .A5
|h Library of Congress classification
|i unmediated -- volume
|k 61st
|l 1965
|m A14816658884
|
| 952 |
f |
f |
|p normal
|a Texas A&M University
|b College Station
|c Sterling C. Evans Library
|d Evans: Library Stacks
|t 0
|e TA424 .A5
|h Library of Congress classification
|i unmediated -- volume
|k 72nd
|l 1976
|m A14816658428
|
| 952 |
f |
f |
|p normal
|a Texas A&M University
|b College Station
|c Sterling C. Evans Library
|d Evans: Library Stacks
|t 0
|e TA424 .A5
|h Library of Congress classification
|i unmediated -- volume
|k 74th
|l 1978
|m A14807931071
|
| 952 |
f |
f |
|p normal
|a Texas A&M University
|b College Station
|c Sterling C. Evans Library
|d Evans: Library Stacks
|t 0
|e TA424 .A5
|h Library of Congress classification
|i unmediated -- volume
|k 90th
|l 1994
|m A14819464187
|
| 952 |
f |
f |
|p normal
|a Texas A&M University
|b College Station
|c Sterling C. Evans Library
|d Evans: Library Stacks
|t 0
|e TA424 .A5
|h Library of Congress classification
|i unmediated -- volume
|k 94th
|l 1998
|m A14824043190
|
| 952 |
f |
f |
|p normal
|a Texas A&M University
|b College Station
|c Sterling C. Evans Library
|d Evans: Library Stacks
|t 0
|e TA424 .A5
|h Library of Congress classification
|i unmediated -- volume
|k 50th
|l 1954
|m A14816658389
|
| 952 |
f |
f |
|p normal
|a Texas A&M University
|b College Station
|c Sterling C. Evans Library
|d Evans: Library Stacks
|t 0
|e TA424 .A5
|h Library of Congress classification
|i unmediated -- volume
|k 51st
|l 1955
|m A14816658436
|
| 952 |
f |
f |
|p normal
|a Texas A&M University
|b College Station
|c Sterling C. Evans Library
|d Evans: Library Stacks
|t 0
|e TA424 .A5
|h Library of Congress classification
|i unmediated -- volume
|k 47th
|l 1951
|m A14816658232
|
| 952 |
f |
f |
|p normal
|a Texas A&M University
|b College Station
|c Sterling C. Evans Library
|d Evans: Library Stacks
|t 0
|e TA424 .A5
|h Library of Congress classification
|i unmediated -- volume
|k 53rd
|l 1957
|m A14816658533
|
| 952 |
f |
f |
|p normal
|a Texas A&M University
|b College Station
|c Sterling C. Evans Library
|d Evans: Library Stacks
|t 0
|e TA424 .A5
|h Library of Congress classification
|i unmediated -- volume
|k 57th
|l 1961
|m A14807934689
|
| 952 |
f |
f |
|p normal
|a Texas A&M University
|b College Station
|c Sterling C. Evans Library
|d Evans: Library Stacks
|t 0
|e TA424 .A5
|h Library of Congress classification
|i unmediated -- volume
|k v.91 c.2
|l 1995
|m A14822454727
|
| 952 |
f |
f |
|p normal
|a Texas A&M University
|b College Station
|c Sterling C. Evans Library
|d Evans: Library Stacks
|t 0
|e TA424 .A5
|h Library of Congress classification
|i unmediated -- volume
|k 100th
|l 2004
|m A14831431833
|
| 952 |
f |
f |
|p normal
|a Texas A&M University
|b College Station
|c Sterling C. Evans Library
|d Evans: Library Stacks
|t 0
|e TA424 .A5
|h Library of Congress classification
|i unmediated -- volume
|k 78th
|l 1982
|m A14806408978
|
| 952 |
f |
f |
|p normal
|a Texas A&M University
|b College Station
|c Sterling C. Evans Library
|d Evans: Library Stacks
|t 0
|e TA424 .A5
|h Library of Congress classification
|i unmediated -- volume
|k 96th
|l 2000
|m A14827201543
|
| 952 |
f |
f |
|p normal
|a Texas A&M University
|b College Station
|c Sterling C. Evans Library
|d Evans: Library Stacks
|t 0
|e TA424 .A5
|h Library of Congress classification
|i unmediated -- volume
|k 99th
|l 2003
|m A14831424072
|
| 952 |
f |
f |
|p normal
|a Texas A&M University
|b College Station
|c Sterling C. Evans Library
|d Evans: Library Stacks
|t 0
|e TA424 .A5
|h Library of Congress classification
|i unmediated -- volume
|k 69th
|l 1973
|m A14816658274
|
| 952 |
f |
f |
|p normal
|a Texas A&M University
|b College Station
|c Sterling C. Evans Library
|d Evans: Library Stacks
|t 0
|e TA424 .A5
|h Library of Congress classification
|i unmediated -- volume
|k 67th
|l 1971
|m A14816658177
|
| 952 |
f |
f |
|p normal
|a Texas A&M University
|b College Station
|c Sterling C. Evans Library
|d Evans: Library Stacks
|t 0
|e TA424 .A5
|h Library of Congress classification
|i unmediated -- volume
|k 56th
|l 1960
|m A14816658680
|
| 952 |
f |
f |
|p normal
|a Texas A&M University
|b College Station
|c Sterling C. Evans Library
|d Evans: Library Stacks
|t 0
|e TA424 .A5
|h Library of Congress classification
|i unmediated -- volume
|k 58th
|l 1962
|m A14816658737
|
| 952 |
f |
f |
|p normal
|a Texas A&M University
|b College Station
|c Sterling C. Evans Library
|d Evans: Library Stacks
|t 0
|e TA424 .A5
|h Library of Congress classification
|i unmediated -- volume
|k 64th
|l 1968
|m A14816658020
|
| 952 |
f |
f |
|p normal
|a Texas A&M University
|b College Station
|c Sterling C. Evans Library
|d Evans: Library Stacks
|t 0
|e TA424 .A5
|h Library of Congress classification
|i unmediated -- volume
|k 45th
|l 1949
|m A14816658185
|
| 952 |
f |
f |
|p normal
|a Texas A&M University
|b College Station
|c Sterling C. Evans Library
|d Evans: Library Stacks
|t 0
|e TA424 .A5
|h Library of Congress classification
|i unmediated -- volume
|k 77th
|l 1981
|m A14807930261
|
| 952 |
f |
f |
|p normal
|a Texas A&M University
|b College Station
|c Sterling C. Evans Library
|d Evans: Library Stacks
|t 0
|e TA424 .A5
|h Library of Congress classification
|i unmediated -- volume
|k 79th
|l 1983
|m A14808782784
|
| 952 |
f |
f |
|p normal
|a Texas A&M University
|b College Station
|c Sterling C. Evans Library
|d Evans: Library Stacks
|t 0
|e TA424 .A5
|h Library of Congress classification
|i unmediated -- volume
|k 85th
|l 1989
|m A14812298967
|
| 952 |
f |
f |
|p normal
|a Texas A&M University
|b College Station
|c Sterling C. Evans Library
|d Evans: Library Stacks
|t 0
|e TA424 .A5
|h Library of Congress classification
|i unmediated -- volume
|k 71st
|l 1975
|m A14816658371
|
| 952 |
f |
f |
|p normal
|a Texas A&M University
|b College Station
|c Sterling C. Evans Library
|d Evans: Library Stacks
|t 0
|e TA424 .A5
|h Library of Congress classification
|i unmediated -- volume
|k 81st
|l 1985
|m A14809373017
|
| 952 |
f |
f |
|p normal
|a Texas A&M University
|b College Station
|c Sterling C. Evans Library
|d Evans: Library Stacks
|t 0
|e TA424 .A5
|h Library of Congress classification
|i unmediated -- volume
|k 92nd
|l 1996
|m A14820973131
|
| 952 |
f |
f |
|p normal
|a Texas A&M University
|b College Station
|c Sterling C. Evans Library
|d Evans: Library Stacks
|t 0
|e TA424 .A5
|h Library of Congress classification
|i unmediated -- volume
|k 88th
|l 1992
|m A14817648905
|
| 952 |
f |
f |
|p normal
|a Texas A&M University
|b College Station
|c Sterling C. Evans Library
|d Evans: Library Stacks
|t 0
|e TA424 .A5
|h Library of Congress classification
|i unmediated -- volume
|k 83rd
|l 1987
|m A14812596713
|
| 952 |
f |
f |
|p normal
|a Texas A&M University
|b College Station
|c Sterling C. Evans Library
|d Evans: Library Stacks
|t 0
|e TA424 .A5
|h Library of Congress classification
|i unmediated -- volume
|k 49th
|l 1953
|m A14816658339
|
| 952 |
f |
f |
|p normal
|a Texas A&M University
|b College Station
|c Sterling C. Evans Library
|d Evans: Library Stacks
|t 0
|e TA424 .A5
|h Library of Congress classification
|i unmediated -- volume
|k 68th
|l 1972
|m A14816658224
|
| 998 |
f |
f |
|a TA424 .A5
|s 45th-79th,81st-102nd (1949-1983,1985-2006)
|t 0
|l Evans: Library Stacks
|
| 998 |
f |
f |
|a TA424 .A5
|s 73rd,91st (1977,1995)
|t 0
|l Evans: Library Stacks
|